Demigods of Aphrodite in Percy Jackson - Statistics

General Stats
  • This quiz has been taken 65 times
  • The average score is 4 of 7
Answer Stats
Answer % Correct
Piper McLean
88%
Silena Beauregard
82%
Drew Tanaka
73%
Lacy
52%
Mitchell
41%
Valentina Diaz
16%
James Dean
9%
No matching quizzes found
Score Distribution
Percent of People with Each Score
Percentile by Number Answered
Your Score History
You have not taken this quiz